<La> Valeur logique des théories économiques

Saved in:
Bibliographic Details
Main Author: Nogaro, Bertrand
Format: Book
Language:French
Published: Paris Presses universitaires de France 1947
Series:Bibliothéque de philosophie contemporaine
Tags: Add Tag
No Tags, Be the first to tag this record!

MARC

LEADER 00000nam a2200000 4500
001 c126581
005 20190205132840.7
041 0 |a fre 
044 |a FR 
245 1 0 |a <La> Valeur logique des théories économiques  |c Bertrand Nogaro 
264 1 |a Paris  |b Presses universitaires de France  |c 1947 
300 |a 185 s. 
490 1 |a Bibliothéque de philosophie contemporaine 
830 0 |a Bibliothéque de philosophie contemporaine 
100 1 |a Nogaro, Bertrand